[Event "FRA-ch Accession"]
[Site "Nancy"]
[Date "2013.08.21"]
[Round "9"]
[White "Brailly Vignal, Bastien"]
[Black "Bellahcene, Bilel"]
[Result "1/2-1/2"]
[WhiteElo "2300"]
[BlackElo "2321"]
[PlyCount "79"]
[EventDate "2013.08.11"]
[EventType "swiss"]
[EventRounds "11"]
[EventCountry "FRA"]
[SourceTitle "CBM 156 Extra"]
[Source "ChessBase"]
[SourceDate "2013.10.22"]
[SourceVersion "1"]
[SourceVersionDate "2013.10.22"]
[SourceQuality "1"]

1. d4 d5 2. c4 e6 3. Nc3 c6 4. e4 Bb4 5. Bd3 dxc4 6. Bxc4 Nf6 7. Qd3 b5 8. Bb3 e5 9. d5 0-0 10. Bg5 h6 11. Bxf6 Qxf6 12. Qf3 Qg6 13. Nge2 Kh8 14. 0-0 f5 15. Qg3 Qf6 16. exf5 Bxf5 17. dxc6 Nxc6 18. Nd5 Qd6 19. Rac1 Rad8 20. Qe3 Na5 21. Nxb4 Qxb4 22. Qxe5 Nxb3 23. axb3 Qxb3 24. Rc7 Rd7 25. Nd4 Qd5 26. Qxd5 Rxd5 27. Nxf5 Rfxf5 28. Rxa7 Rd2 29. b3 Rb2 30. g3 Rxb3 31. Re1 Rf8 32. Ree7 Rb1+ 33. Kg2 Rb2 34. Rxg7 Rfxf2+ 35. Kh3 Rxh2+ 36. Kg4 Rb4+ 37. Kf5 Rf2+ 38. Ke5 Re2+ 39. Kd5 Rd2+ 40. Ke5 1/2-1/2

[Event "FRA-ch Accession"]
[Site "Nancy"]
[Date "2013.08.18"]
[Round "6"]
[White "Brailly Vignal, Bastien"]
[Black "Lazarev, Vladimir"]
[Result "0-1"]
[WhiteElo "2300"]
[BlackElo "2410"]
[PlyCount "90"]
[EventDate "2013.08.11"]
[EventType "swiss"]
[EventRounds "11"]
[EventCountry "FRA"]
[SourceTitle "CBM 156 Extra"]
[Source "ChessBase"]
[SourceDate "2013.10.22"]
[SourceVersion "1"]
[SourceVersionDate "2013.10.22"]
[SourceQuality "1"]

1. d4 Nf6 2. c4 e6 3. Nc3 Bb4 4. Qc2 d6 5. Nf3 Nbd7 6. Bd2 c6 7. a3 Ba5 8. Bg5 h6 9. Bh4 Qe7 10. e3 e5 11. b4 Bc7 12. d5 a5 13. b5 cxb5 14. Nxb5 Bd8 15. Nd2 Nc5 16. Bd3 0-0 17. 0-0 a4 18. Bf5 Ba5 19. Nf3 Ra6 20. Rab1 Re8 21. Bh7+ Kh8 22. Bf5 Bxf5 23. Qxf5 Qd7 24. Qc2 Nfe4 25. Rfd1 f5 26. Bg3 g5 27. Nxd6 Qxd6 28. Nxe5 Rxe5 29. Bxe5+ Qxe5 30. Rb5 Bc7 31. g3 b6 32. d6 Nxd6 33. Rd5 Qe6 34. Qc3+ Kg8 35. Rb1 Ra8 36. Rbd1 Rf8 37. Qc2 Rf6 38. Qc3 Kf7 39. Qb4 Qe4 40. R1d4 Qc2 41. h3 Kg6 42. f3 Qc1+ 43. Kg2 Qxe3 44. Qb2 Re6 45. Rd2 Nxc4 0-1

[Event "FRA-ch Accession"]
[Site "Nancy"]
[Date "2013.08.12"]
[Round "1"]
[White "Chabanon, Jean Luc"]
[Black "Brailly Vignal, Bastien"]
[Result "1-0"]
[WhiteElo "2473"]
[BlackElo "2300"]
[PlyCount "125"]
[EventDate "2013.08.11"]
[EventType "swiss"]
[EventRounds "11"]
[EventCountry "FRA"]
[SourceTitle "CBM 156 Extra"]
[Source "ChessBase"]
[SourceDate "2013.10.22"]
[SourceVersion "1"]
[SourceVersionDate "2013.10.22"]
[SourceQuality "1"]

1. d4 Nf6 2. Nf3 e6 3. c4 Bb4+ 4. Nc3 c5 5. g3 cxd4 6. Nxd4 0-0 7. Bg2 d5 8. 0-0 dxc4 9. Ndb5 Nc6 10. Bf4 Bxc3 11. bxc3 e5 12. Be3 Bg4 13. Bc5 Qxd1 14. Rfxd1 Rfc8 15. Nd6 Rc7 16. Nxb7 Bxe2 17. Bd6 Rcc8 18. Re1 Bd3 19. Nc5 e4 20. Nxe4 Nxe4 21. Bxe4 Bxe4 22. Rxe4 Rd8 23. Bf4 Rac8 24. Rae1 f6 25. Rxc4 Kf7 26. Kg2 g5 27. Be3 Ne5 28. Rxc8 Rxc8 29. Bxa7 Ra8 30. Bd4 Nc6 31. Re2 Ra4 32. Rd2 g4 33. Bxf6 Kxf6 34. Rd6+ Kg5 35. Rxc6 Rxa2 36. Rc5+ Kg6 37. Rc4 Kg5 38. Rf4 Rc2 39. c4 Rc1 40. h4+ Kh5 41. Rf5+ Kh6 42. Rc5 Ra1 43. Rd5 Rb1 44. c5 Rc1 45. Re5 Rb1 46. Re4 Rc1 47. Rxg4 Rxc5 48. Ra4 Rc3 49. g4 Kg6 50. Ra6+ Kg7 51. g5 Rb3 52. f3 Rb1 53. Kg3 Rg1+ 54. Kf4 Rh1 55. Kg4 Rb1 56. Ra7+ Kg8 57. f4 Rb2 58. f5 Rb4+ 59. Kh5 Rc4 60. Ra8+ Kf7 61. f6 h6 62. Ra7+ Ke6 63. Re7+ 1-0

[Event "FRA-chT1 1011"]
[Site "France"]
[Date "2010.10.17"]
[Round "1.4"]
[White "Ravot, Sylvain"]
[Black "Brailly Vignal, Bastien"]
[Result "1-0"]
[WhiteElo "2275"]
[BlackElo "2207"]
[PlyCount "135"]
[EventDate "2010.10.17"]
[EventType "team-tourn"]
[EventRounds "11"]
[EventCountry "FRA"]
[SourceTitle "EXT 2012"]
[Source "ChessBase"]
[SourceDate "2011.11.24"]
[SourceVersion "1"]
[SourceVersionDate "2011.11.24"]
[SourceQuality "1"]

1. d4 Nf6 2. c4 c5 3. d5 b5 4. cxb5 a6 5. bxa6 g6 6. Nc3 Bxa6 7. g3 d6 8. Bg2 Bg7 9. Nf3 0-0 10. Rb1 Nbd7 11. 0-0 Qa5 12. Qc2 Rfb8 13. b3 Ng4 14. Bb2 c4 15. h3 cxb3 16. axb3 Rc8 17. Ra1 Qc5 18. hxg4 Bxc3 19. Qxc3 Qxc3 20. Bxc3 Rxc3 21. Nd4 Rcc8 22. f4 Kf8 23. Kf2 Bb7 24. e4 Ba6 25. Rh1 Kg7 26. Rhc1 Nc5 27. Ke3 Rcb8 28. Ra3 Bc8 29. Rxa8 Rxa8 30. g5 Ra2 31. Bf1 Rb2 32. Bc4 Bg4 33. Rc2 Rb1 34. e5 Bd1 35. Rc3 Rb2 36. Nc6 Rg2 37. Nxe7 Rxg3+ 38. Kd4 dxe5+ 39. fxe5 Rxc3 40. Kxc3 Kf8 41. Nc6 Ne4+ 42. Kd4 Nxg5 43. b4 h5 44. b5 Bg4 45. e6 fxe6 46. b6 e5+ 47. Nxe5 Bc8 48. d6 Bb7 49. Bd5 Ba6 50. b7 Bxb7 51. Bxb7 Ne6+ 52. Kd5 Nf4+ 53. Ke4 Ne6 54. Nxg6+ Kg7 55. Bd5 Nc5+ 56. Kf5 Kh6 57. Ne5 Kg7 58. d7 Nxd7 59. Nxd7 h4 60. Kg4 Kg6 61. Be6 h3 62. Kxh3 Kg5 63. Kg3 Kg6 64. Kg4 Kh6 65. Ne5 Kg7 66. Kg5 Kh7 67. Kf6 Kh8 68. Ng6+ 1-0

[Event "FRA-chT1 0910"]
[Site "France"]
[Date "2009.11.22"]
[Round "5.4"]
[White "Ider, Borya"]
[Black "Brailly Vignal, Bastien"]
[Result "1/2-1/2"]
[WhiteElo "2276"]
[BlackElo "2167"]
[PlyCount "95"]
[EventDate "2009.09.27"]
[EventType "team-tourn"]
[EventRounds "11"]
[EventCountry "FRA"]
[SourceTitle "EXT 2011"]
[Source "ChessBase"]
[SourceDate "2010.11.26"]
[SourceVersion "1"]
[SourceVersionDate "2010.11.26"]
[SourceQuality "1"]

1. d4 Nf6 2. c4 e6 3. Nf3 b6 4. g3 Ba6 5. b3 Bb4+ 6. Bd2 Be7 7. Bg2 c6 8. 0-0 0-0 9. Bc3 d5 10. Ne5 Bb7 11. Nd2 Nbd7 12. Nxd7 Qxd7 13. e4 Nxe4 14. Nxe4 dxe4 15. Bxe4 Bf6 16. Qd3 h6 17. Rad1 Rad8 18. Qf3 Qc7 19. c5 Rd7 20. Rc1 Bxd4 21. Bxd4 Rxd4 22. cxb6 Qxb6 23. Bxc6 Bxc6 24. Qxc6 Rd2 25. Qxb6 axb6 26. Rc6 b5 27. Rc5 Ra8 28. Ra1 b4 29. Rc4 Rb8 30. Rac1 Rxa2 31. Rc8+ Rxc8 32. Rxc8+ Kh7 33. Rb8 h5 34. Rxb4 Rb2 35. Rb7 Kg6 36. b4 Kf6 37. h4 g6 38. b5 Kg7 39. b6 Kf6 40. Rb8 Kg7 41. Kg2 Kf6 42. Kf3 Kf5 43. Ke3 Ke5 44. b7 Kf6 45. Kd4 Rb1 46. f3 Rd1+ 47. Kc3 Rb1 48. Kc2 1/2-1/2